Statistics for Tennis Men's Most Aces in 2011

Click here to take the quiz!

General Stats

  • This quiz has been taken 1,247 times
  • The average score is 7 of 10

Answer Stats

acesnationalityplayer% Correct
811USAJohn Isner
91%
474GBRAndy Murray
90%
825FRAJo-Wilfried Tsonga
86%
637CANMilos Raonic
81%
557USAAndy Roddick
69%
719RSAKevin Anderson
68%
475CROIvo Karlovic
64%
734ESPFeliciano Lopez
50%
539ESPNicolas Almagro
46%
547UKRAlexandr Dolgopolov
42%

Score Distribution

Percentile by Number Answered

Percent of People with Each Score

Your Score History

You have not taken this quiz